000 01069nam0a22002771 4500
001 rc\279173
005 20260407142228.0
010 _a5-376-00607-7
_9600
035 _a(NLR Aleph) 008762647
090 _a7874856
_c7874856
100 _a20030307d1990 |||y0rusy50 ca
101 0 _arus
102 _aRU
105 _aa |||||||||
200 1 _aМногокомпонентные халькогениды Aˈˈ Bˈˈˈ₂ Cˈ˅₄
_e[Сб. науч. тр.]
_fАН МССР, Ин-т прикл. физики
_g[Редкол.: С.И. Радауцан (отв. ред.) и др.]
210 _aКишинев
_cШтиинца
_d1990
215 _a163, [2] с.
_cил.
_d22
320 _aБиблиогр. в конце ст.
702 1 _aРадауцан
_bС.И.
_gСергей Иванович
_4340
712 0 2 _aИнститут прикладной физики
_cКишинев
_3RU\NLR\AUTH\8810011752
_9521225
801 0 _aRU
_bNLR
_gpsbo
801 1 _aRU
_bELAR
_2rusmarc
801 2 _aRU
_bNLR
_c20040413
_2rusmarc
852 _aNLR
_j90-5/557
942 _cBOOK
980 _aNB